| 000 | 01054nam0a2200325 4500 | ||
|---|---|---|---|
| 001 | RU\NLR\BIBL_A\022503269 | ||
| 005 | 20260406044715.0 | ||
| 010 | _a5-415-00698-2 | ||
| 035 | _a(NLR Aleph) 022503269 | ||
| 090 |
_a13388376 _c13388376 |
||
| 100 | _a20250326d1991 |||y0rusy50 ca | ||
| 101 | 1 |
_alit _cfre |
|
| 102 | _aLT | ||
| 105 | _ay ||z|||000ay | ||
| 181 | 0 |
_ai4 _baxxe |
|
| 182 | 0 | _an | |
| 200 | 1 |
_aSvetimas _aKrytis _eromanai _fAlberas Kamiu _giš prancūzų kalbos vertė Laima Rapšytė |
|
| 203 |
_aТекст _bвизуальный _cнепосредственный |
||
| 210 |
_aVilnius _cVaga _d1991 |
||
| 215 |
_a171 с. _d20 |
||
| 225 | 1 | _aNobelio premijos laureatai | |
| 300 | _aЗагл. ориг.: L'étranger; La chute | ||
| 454 | 0 |
_12001#$aL'étranger$aLa chute _tLa chute |
|
| 686 | 1 | _aШ6(4Фр)61-440.4{Лх1648-50лит} | |
| 700 | 1 |
_8fre _7ba _aCamus _bA. _f1913-1960 _gAlbert _3RU\NLR\AUTH\774524 _9114504 |
|
| 942 | _cBOOK | ||
| 980 | _aNB | ||